[Event "Zemun"]
[Site "Zemun"]
[Date "1980.06.14"]
[Round "13"]
[White "Velimirovic, Dragoljub"]
[Black "Pytel, Krzysztof"]
[Result "1-0"]
[WhiteElo "2515"]
[BlackElo "2450"]
[PlyCount "87"]
[EventDate "1980.06.02"]
[EventType "tourn"]
[EventRounds "15"]
[EventCountry "YUG"]
[EventCategory "8"]
[Source "ChessBase"]
[SourceDate "1999.11.16"]
[WhiteTeamCountry "URS"]
[BlackTeamCountry "YUG"]

1. e4 e5 2. Nf3 Nc6 3. c3 Nf6 4. d4 d6 5. h3 Be7 6. Be3 exd4 7. cxd4 d5 8. e5
Ne4 9. Nc3 O-O 10. Bd3 Bf5 11. O-O Nxc3 12. bxc3 Bxd3 13. Qxd3 Na5 14. Nd2 c6
15. f4 f5 16. c4 Qd7 17. Rab1 b6 18. a4 Rac8 19. c5 Bd8 20. Rfc1 Bc7 21. Bf2
Rb8 22. cxb6 axb6 23. Rc2 Rfc8 24. Bh4 Qe6 25. Nf1 Nc4 26. Ne3 Nxe3 27. Qxe3
Ra8 28. Rbc1 Bb8 29. Qb3 c5 30. g4 c4 31. gxf5 Qxf5 32. Qf3 Rxa4 33. Rg2 Ra5
34. Kh2 Rc6 35. Rg5 Qe4 36. Qf2 Ra2 37. Qxa2 Qxf4+ 38. Rg3 Qxc1 39. Qg2 Qh6 40.
Qxd5+ Re6 41. Qd8+ Kf7 42. Qd7+ Kg8 43. Qc8+ Kf7 44. Qb7+ 1-0

[Event "Zemun"]
[Site "Zemun"]
[Date "1980.06.15"]
[Round "14"]
[White "Farago, Ivan"]
[Black "Velimirovic, Dragoljub"]
[Result "1-0"]
[WhiteElo "2505"]
[BlackElo "2515"]
[PlyCount "59"]
[EventDate "1980.06.02"]
[EventType "tourn"]
[EventRounds "15"]
[EventCountry "YUG"]
[EventCategory "8"]
[Source "ChessBase"]
[SourceDate "1999.11.16"]
[WhiteTeamCountry "URS"]
[BlackTeamCountry "YUG"]

1. d4 Nf6 2. c4 c5 3. d5 g6 4. Nc3 Bg7 5. e4 O-O 6. Be2 d6 7. Bg5 Qa5 8. Bd2 e5
9. g4 h5 10. gxh5 Qc7 11. h6 Bh8 12. Nf3 a6 13. a4 Nbd7 14. Ng5 Nh7 15. h4 Bf6
16. Rg1 Kh8 17. Qc2 Be7 18. O-O-O Nxg5 19. Bxg5 Qd8 20. Qd2 Nf6 21. h5 Nxh5 22.
Bxh5 gxh5 23. f3 Bd7 24. h7 Bf6 25. Rg2 Bxg5 26. Rxg5 Qf6 27. Rdg1 h4 28. Qg2
Qh6 29. Kb1 f6 30. Rh5 1-0

[Event "Zemun"]
[Site "Zemun"]
[Date "1980.06.16"]
[Round "15"]
[White "Velimirovic, Dragoljub"]
[Black "Popov, Luben"]
[Result "1/2-1/2"]
[WhiteElo "2515"]
[BlackElo "2465"]
[PlyCount "61"]
[EventDate "1980.06.02"]
[EventType "tourn"]
[EventRounds "15"]
[EventCountry "YUG"]
[EventCategory "8"]
[Source "ChessBase"]
[SourceDate "1999.11.16"]
[WhiteTeamCountry "URS"]
[BlackTeamCountry "YUG"]

1. e4 c5 2. Nf3 e6 3. d4 cxd4 4. Nxd4 a6 5. Bd3 Nf6 6. O-O d6 7. Kh1 g6 8. f4
Bg7 9. e5 Nd5 10. Nf3 O-O 11. Qe1 Nc6 12. Bd2 b5 13. Na3 Bb7 14. Rd1 dxe5 15.
fxe5 Qb8 16. c4 Nb6 17. Bf4 bxc4 18. Nxc4 Nxc4 19. Bxc4 Ne7 20. Nd2 Qc7 21. Rc1
Qb6 22. b3 Nf5 23. Ne4 Rad8 24. Nf6+ Bxf6 25. exf6 Qd4 26. Qf2 Qxf6 27. Kg1 Qe7
28. Be5 Qg5 29. Bf4 Qe7 30. Be5 Qg5 31. Bf4 1/2-1/2

[Event "Borovo"]
[Site "Borovo"]
[Date "1980.08.09"]
[Round "1"]
[White "Ermenkov, Evgenij"]
[Black "Velimirovic, Dragoljub"]
[Result "1/2-1/2"]
[WhiteElo "2495"]
[BlackElo "2515"]
[PlyCount "33"]
[EventDate "1980.08.09"]
[EventType "tourn"]
[EventRounds "13"]
[EventCountry "YUG"]
[EventCategory "9"]
[Source "ChessBase"]
[SourceDate "2003.11.25"]
[WhiteTeamCountry "URS"]
[BlackTeamCountry "YUG"]

1. Nf3 c5 2. b3 d6 3. c4 e5 4. Nc3 g6 5. Bb2 Bg7 6. d3 Ne7 7. g3 Nbc6 8. Bg2 a6
9. O-O O-O 10. Qd2 f5 11. e3 h6 12. Ne1 f4 13. Nd5 fxe3 14. fxe3 Rxf1+ 15. Kxf1
Nf5 16. Kg1 Ra7 17. Nc2 1/2-1/2

[Event "Borovo"]
[Site "Borovo"]
[Date "1980.08.10"]
[Round "2"]
[White "Velimirovic, Dragoljub"]
[Black "Tringov, Georgi"]
[Result "1-0"]
[WhiteElo "2515"]
[BlackElo "2455"]
[PlyCount "53"]
[EventDate "1980.08.09"]
[EventType "tourn"]
[EventRounds "13"]
[EventCountry "YUG"]
[EventCategory "9"]
[Source "ChessBase"]
[SourceDate "2003.11.25"]
[WhiteTeamCountry "URS"]
[BlackTeamCountry "YUG"]

1. e4 c5 2. Nf3 d6 3. d4 cxd4 4. Nxd4 Nf6 5. Nc3 e6 6. g4 a6 7. g5 Nfd7 8. Be3
b5 9. Bg2 Bb7 10. Qh5 g6 11. Qe2 Be7 12. h4 b4 13. Nb1 O-O 14. h5 Re8 15. hxg6
hxg6 16. Qg4 Bf8 17. Nd2 Qc7 18. Rh4 Bg7 19. Qh3 Nc6 20. Rh7 Rac8 21. Rxg7+
Kxg7 22. Qh6+ Kg8 23. Ke2 d5 24. f4 Nf8 25. Rh1 Nh7 26. Qxh7+ Kf8 27. Nf5 1-0

[Event "Borovo"]
[Site "Borovo"]
[Date "1980.08.11"]
[Round "3"]
[White "Petran, Pal"]
[Black "Velimirovic, Dragoljub"]
[Result "1/2-1/2"]
[WhiteElo "2445"]
[BlackElo "2515"]
[PlyCount "122"]
[EventDate "1980.08.09"]
[EventType "tourn"]
[EventRounds "13"]
[EventCountry "YUG"]
[EventCategory "9"]
[Source "ChessBase"]
[SourceDate "2003.11.25"]
[WhiteTeamCountry "URS"]
[BlackTeamCountry "YUG"]

1. d4 c5 2. d5 d6 3. c4 Nf6 4. Nc3 g6 5. e4 Bg7 6. Nf3 O-O 7. Bf4 Qa5 8. Bd2
Qc7 9. Be2 e5 10. O-O Ne8 11. Ne1 f5 12. exf5 gxf5 13. f4 Nd7 14. Kh1 exf4 15.
Nd3 Ne5 16. Nxf4 Nf6 17. Qc2 Qf7 18. b3 Bd7 19. Rae1 a6 20. Bd3 Nxd3 21. Qxd3
Rae8 22. Ne6 Bxe6 23. dxe6 Rxe6 24. Qxf5 Rxe1 25. Rxe1 Ng4 26. Qxf7+ Rxf7 27.
Re8+ Rf8 28. Rxf8+ Kxf8 29. Ne4 Be5 30. g3 Ke7 31. Kg2 b5 32. h3 Nf6 33. Bg5
bxc4 34. bxc4 Ke6 35. Bxf6 Bxf6 36. Kf3 Be5 37. Ng5+ Kf5 38. Nxh7 d5 39. g4+
Ke6 40. cxd5+ Kxd5 41. g5 c4 42. Nf6+ Kd4 43. Ne4 Kd5 44. Nf6+ Kd4 45. Ke2 Kc3
46. Nd5+ Kd4 47. Ne3 c3 48. g6 Ke4 49. Ng4 Bg7 50. Nf2+ Kf5 51. Kd3 Kxg6 52.
Ne4 Kh5 53. Nxc3 Kh4 54. Nd5 Kxh3 55. Nb4 a5 56. Nc6 a4 57. Kc4 Kg4 58. Kb4 Kf5
59. Kxa4 Ke6 60. Kb5 Kd6 61. Kb6 Bc3 1/2-1/2

[Event "Borovo"]
[Site "Borovo"]
[Date "1980.08.12"]
[Round "4"]
[White "Velimirovic, Dragoljub"]
[Black "Kurajica, Bojan"]
[Result "1/2-1/2"]
[WhiteElo "2515"]
[BlackElo "2505"]
[PlyCount "39"]
[EventDate "1980.08.09"]
[EventType "tourn"]
[EventRounds "13"]
[EventCountry "YUG"]
[EventCategory "9"]
[Source "ChessBase"]
[SourceDate "2003.11.25"]
[WhiteTeamCountry "URS"]
[BlackTeamCountry "YUG"]

1. e4 c5 2. Nf3 e6 3. c3 d5 4. exd5 Qxd5 5. d4 Nf6 6. Bd3 Nc6 7. O-O Be7 8. Be3
O-O 9. Qe2 Qh5 10. Ne5 Qxe2 11. Bxe2 Nd5 12. Nxc6 bxc6 13. Nd2 Rb8 14. Nb3 a5
15. Rab1 a4 16. Na5 cxd4 17. Bxd4 Bd7 18. a3 f6 19. c4 c5 20. cxd5 1/2-1/2

[Event "Borovo"]
[Site "Borovo"]
[Date "1980.08.14"]
[Round "6"]
[White "Velimirovic, Dragoljub"]
[Black "Littlewood, Paul E"]
[Result "1/2-1/2"]
[WhiteElo "2515"]
[BlackElo "2440"]
[PlyCount "96"]
[EventDate "1980.08.09"]
[EventType "tourn"]
[EventRounds "13"]
[EventCountry "YUG"]
[EventCategory "9"]
[Source "ChessBase"]
[SourceDate "2003.11.25"]
[WhiteTeamCountry "URS"]
[BlackTeamCountry "YUG"]

1. e4 e5 2. Nf3 Nc6 3. c3 Nf6 4. d4 Nxe4 5. d5 Ne7 6. Nxe5 Ng6 7. Qd4 Qe7 8.
Qxe4 Qxe5 9. Qxe5+ Nxe5 10. Bf4 Bd6 11. Bg3 O-O 12. Nd2 f5 13. f3 f4 14. Bf2
Be7 15. Nc4 Nxc4 16. Bxc4 d6 17. Kd2 Bf6 18. a4 Bd7 19. a5 b5 20. Bd3 a6 21.
Rac1 Rab8 22. b4 Rfe8 23. Rhe1 Rxe1 24. Bxe1 h6 25. Bf2 Rb7 26. Bg6 Kf8 27. Kd3
Rb8 28. Re1 Rc8 29. Re4 Be5 30. Bd4 Ke7 31. Re1 Kf6 32. Be4 c6 33. dxc6 Bxc6
34. Bxc6 Rxc6 35. Re4 g5 36. Bxe5+ dxe5 37. c4 Rd6+ 38. Kc3 bxc4 39. Rxc4 h5
40. h3 Kf5 41. Rc8 g4 42. Rf8+ Kg5 43. hxg4 hxg4 44. Rg8+ Kf5 45. fxg4+ Ke4 46.
b5 Rd3+ 47. Kb4 Rd4+ 48. Kb3 Rd3+ 1/2-1/2

[Event "Borovo"]
[Site "Borovo"]
[Date "1980.08.16"]
[Round "7"]
[White "Robatsch, Karl"]
[Black "Velimirovic, Dragoljub"]
[Result "0-1"]
[WhiteElo "2440"]
[BlackElo "2515"]
[PlyCount "112"]
[EventDate "1980.08.09"]
[EventType "tourn"]
[EventRounds "13"]
[EventCountry "YUG"]
[EventCategory "9"]
[Source "ChessBase"]
[SourceDate "2003.11.25"]
[WhiteTeamCountry "URS"]
[BlackTeamCountry "YUG"]

1. c4 e6 2. Nf3 Nf6 3. Nc3 Bb4 4. g3 O-O 5. Bg2 c5 6. O-O Nc6 7. Na4 Qe7 8. a3
Ba5 9. d4 cxd4 10. Nxd4 Rd8 11. e4 Nxd4 12. Qxd4 e5 13. Qd3 d6 14. b4 Bd7 15.
Nc3 Bb6 16. Bg5 Be6 17. Rac1 Rac8 18. Nd5 Bxd5 19. cxd5 Rxc1 20. Bxc1 Rc8 21.
Bh3 Rc7 22. Bb2 h6 23. Rc1 Rxc1+ 24. Bxc1 Qc7 25. Bb2 h5 26. Kg2 Ng4 27. Bxg4
hxg4 28. Qc3 Qd8 29. Bc1 Qf6 30. f3 Kh7 31. Qd3 Bd4 32. a4 Qd8 33. fxg4 Qc8 34.
Be3 Bxe3 35. Qxe3 Qc2+ 36. Kh3 Qxa4 37. Qf2 Kg8 38. Qf5 Qe8 39. Kg2 Qd8 40. h4
g6 41. Qf2 a6 42. Kh3 Qc8 43. Qb6 Qc1 44. Kg2 Qc2+ 45. Kf3 Qd3+ 46. Kf2 Qxe4
47. Qxd6 Qd4+ 48. Kg2 e4 49. Qd8+ Kg7 50. d6 Qd2+ 51. Kh3 Qd1 52. g5 Qh1+ 53.
Kg4 Qf1 54. Qc8 e3 55. Qc3+ Kh7 56. Qf6 e2 0-1

[Event "Borovo"]
[Site "Borovo"]
[Date "1980.08.17"]
[Round "8"]
[White "Velimirovic, Dragoljub"]
[Black "Ledic, Tomislav"]
[Result "1-0"]
[WhiteElo "2515"]
[BlackElo "2345"]
[PlyCount "93"]
[EventDate "1980.08.09"]
[EventType "tourn"]
[EventRounds "13"]
[EventCountry "YUG"]
[EventCategory "9"]
[Source "ChessBase"]
[SourceDate "2003.11.25"]
[WhiteTeamCountry "URS"]
[BlackTeamCountry "YUG"]

1. e4 e5 2. Nf3 Nc6 3. c3 Nf6 4. d4 Nxe4 5. d5 Ne7 6. Nxe5 Ng6 7. Qd4 Qf6 8.
Qxe4 Qxe5 9. Nd2 d6 10. Qxe5+ Nxe5 11. Nc4 Nxc4 12. Bxc4 Be7 13. Be3 Bf6 14.
Kd2 Bf5 15. a4 Kd7 16. a5 a6 17. b4 Rhb8 18. f3 h5 19. h3 h4 20. Rhe1 Re8 21.
Bb3 Re7 22. Ba4+ c6 23. Bf4 Rae8 24. Rxe7+ Rxe7 25. Rd1 g5 26. Bh2 Be5 27. Bxe5
Rxe5 28. dxc6+ bxc6 29. Bb3 d5 30. Rf1 Be6 31. Bc2 Kd6 32. Bd3 Bc8 33. f4 gxf4
34. Rxf4 Rg5 35. Bf1 Be6 36. Rxh4 Rf5 37. Ke1 Re5+ 38. Be2 c5 39. Kd2 c4 40.
Rh8 Kc7 41. Rh5 f5 42. g4 Kd6 43. gxf5 Rxf5 44. Rh6 Ke5 45. Rxe6+ Kxe6 46. Bg4
Ke5 47. Bxf5 1-0

[Event "Borovo"]
[Site "Borovo"]
[Date "1980.08.18"]
[Round "9"]
[White "Rajkovic, Dusan"]
[Black "Velimirovic, Dragoljub"]
[Result "1/2-1/2"]
[WhiteElo "2495"]
[BlackElo "2515"]
[PlyCount "28"]
[EventDate "1980.08.09"]
[EventType "tourn"]
[EventRounds "13"]
[EventCountry "YUG"]
[EventCategory "9"]
[Source "ChessBase"]
[SourceDate "2003.11.25"]
[WhiteTeamCountry "URS"]
[BlackTeamCountry "YUG"]

1. d4 Nf6 2. c4 e6 3. Nc3 c5 4. d5 exd5 5. cxd5 d6 6. e4 g6 7. f3 Bg7 8. Bg5
O-O 9. Qd2 Na6 10. Nge2 Bd7 11. Ng3 Nc7 12. Bh6 b5 13. Bxg7 Kxg7 14. Be2 h5
1/2-1/2

[Event "Borovo"]
[Site "Borovo"]
[Date "1980.08.19"]
[Round "10"]
[White "Velimirovic, Dragoljub"]
[Black "Vukic, Milan"]
[Result "0-1"]
[WhiteElo "2515"]
[BlackElo "2460"]
[PlyCount "118"]
[EventDate "1980.08.09"]
[EventType "tourn"]
[EventRounds "13"]
[EventCountry "YUG"]
[EventCategory "9"]
[Source "ChessBase"]
[SourceDate "2003.11.25"]
[WhiteTeamCountry "URS"]
[BlackTeamCountry "YUG"]

1. e4 c5 2. Nf3 e6 3. d4 cxd4 4. Nxd4 Nf6 5. Nc3 Nc6 6. Be2 Bb4 7. O-O Bxc3 8.
bxc3 Nxe4 9. Bf3 d5 10. Nxc6 bxc6 11. Ba3 Nd6 12. Qd4 O-O 13. Qc5 Nb5 14. Qxf8+
Qxf8 15. Bxf8 Kxf8 16. a4 Nd6 17. Be2 a5 18. Rfb1 Ke7 19. f3 Kd7 20. Kf2 Kc7
21. Ke3 e5 22. Bd3 Bd7 23. f4 e4 24. Be2 c5 25. g4 f5 26. g5 Bc6 27. Rb2 Ra7
28. Rd1 Nc8 29. Bb5 Nb6 30. h4 Kd6 31. g6 h6 32. Bxc6 Nc4+ 33. Ke2 Nxb2 34. Rb1
Nc4 35. Be8 Ra8 36. Bf7 Kc6 37. Be6 Nb6 38. Ra1 Kd6 39. Bf7 Rc8 40. Rd1 Kc6 41.
c4 dxc4 42. Ke3 c3 43. Be6 Rf8 44. Bf7 Kc7 45. h5 Rd8 46. Rxd8 Kxd8 47. Be6 Ke7
48. Bxf5 Nxa4 49. Bxe4 Nb2 50. Bd5 a4 51. Ba2 a3 52. Ke4 Kf6 53. Ke3 Kf5 54.
Bb1 Nc4+ 55. Kd3 Nd2 56. Ba2 Ne4 57. Ke3 Nf6 58. Kd3 Kxf4 59. Kxc3 Ke5 0-1

[Event "Borovo"]
[Site "Borovo"]
[Date "1980.08.20"]
[Round "11"]
[White "Klaric, Zlatko"]
[Black "Velimirovic, Dragoljub"]
[Result "1/2-1/2"]
[WhiteElo "2430"]
[BlackElo "2515"]
[PlyCount "93"]
[EventDate "1980.08.09"]
[EventType "tourn"]
[EventRounds "13"]
[EventCountry "YUG"]
[EventCategory "9"]
[Source "ChessBase"]
[SourceDate "2003.11.25"]
[WhiteTeamCountry "URS"]
[BlackTeamCountry "YUG"]

1. d4 Nf6 2. Nf3 g6 3. Bg5 Bg7 4. Nbd2 d6 5. e3 h6 6. Bxf6 Bxf6 7. Bd3 Nd7 8.
c3 Bg7 9. a4 a5 10. Qb3 e5 11. h4 Qe7 12. h5 g5 13. O-O-O Nb6 14. dxe5 dxe5 15.
Nc4 Nxc4 16. Qxc4 Be6 17. Qb5+ c6 18. Qb6 O-O 19. e4 Rfd8 20. Be2 f5 21. Nd2
fxe4 22. Nxe4 Rd5 23. Rxd5 cxd5 24. Nc5 Bf7 25. Qxb7 Qxb7 26. Nxb7 Bf8 27. Bb5
d4 28. c4 Bb4 29. b3 Be8 30. c5 Bxb5 31. axb5 Bxc5 32. Nxc5 Rc8 33. Kb2 Rxc5
34. b6 Rb5 35. Ra1 Kf7 36. b7 Rxb7 37. Rxa5 Ke6 38. Ra6+ Kd5 39. Rxh6 Rf7 40.
f3 g4 41. Rh8 gxf3 42. gxf3 Rxf3 43. h6 Rf7 44. h7 Rd7 45. Kc2 Ke4 46. Kd2 Rg7
47. b4 1/2-1/2

[Event "Borovo"]
[Site "Borovo"]
[Date "1980.08.21"]
[Round "12"]
[White "Velimirovic, Dragoljub"]
[Black "Hulak, Krunoslav"]
[Result "1/2-1/2"]
[WhiteElo "2515"]
[BlackElo "2450"]
[PlyCount "78"]
[EventDate "1980.08.09"]
[EventType "tourn"]
[EventRounds "13"]
[EventCountry "YUG"]
[EventCategory "9"]
[Source "ChessBase"]
[SourceDate "2003.11.25"]
[WhiteTeamCountry "URS"]
[BlackTeamCountry "YUG"]

1. e4 c5 2. Nf3 e6 3. d4 cxd4 4. Nxd4 Nf6 5. Nc3 Nc6 6. Ndb5 d6 7. Bf4 e5 8.
Bg5 a6 9. Na3 b5 10. Nd5 Be7 11. Bxf6 Bxf6 12. c3 O-O 13. h4 g6 14. h5 Bg7 15.
Nc2 Ne7 16. Nce3 Nxd5 17. Nxd5 Be6 18. hxg6 hxg6 19. a4 Bxd5 20. Qxd5 bxa4 21.
Rxa4 a5 22. Bc4 Rc8 23. Qd3 Qg5 24. O-O Qd8 25. Rfa1 Rc5 26. b4 axb4 27. cxb4
Rc7 28. b5 Bf6 29. g3 Kg7 30. Kg2 Qd7 31. b6 Rcc8 32. Ra7 Qc6 33. b7 Qxc4 34.
bxc8=Q Qxd3 35. Qb7 Bd8 36. R1a3 Qc4 37. R3a6 Qd4 38. Qc6 Rh8 39. Qd5 Rh2+
1/2-1/2

[Event "Borovo"]
[Site "Borovo"]
[Date "1980.08.22"]
[Round "13"]
[White "Rogulj, Branko"]
[Black "Velimirovic, Dragoljub"]
[Result "0-1"]
[WhiteElo "2460"]
[BlackElo "2515"]
[PlyCount "86"]
[EventDate "1980.08.09"]
[EventType "tourn"]
[EventRounds "13"]
[EventCountry "YUG"]
[EventCategory "9"]
[Source "ChessBase"]
[SourceDate "2003.11.25"]
[WhiteTeamCountry "URS"]
[BlackTeamCountry "YUG"]

1. e4 c5 2. Nf3 Nc6 3. d4 cxd4 4. Nxd4 g6 5. Nc3 Bg7 6. Be3 Nf6 7. Bc4 O-O 8.
Bb3 d6 9. f3 Bd7 10. Qd2 Nxd4 11. Bxd4 b5 12. O-O a5 13. a4 b4 14. Nd5 Nxd5 15.
exd5 Bxd4+ 16. Qxd4 Rc8 17. Rfe1 Re8 18. Re2 e5 19. dxe6 Bxe6 20. Rae1 Qd7 21.
Qe3 Bxb3 22. Qxe8+ Rxe8 23. Rxe8+ Kg7 24. cxb3 Qc6 25. R8e3 Qc5 26. Kf1 Qd4 27.
R1e2 h5 28. g3 g5 29. Kg2 Qd5 30. Kf2 Kg6 31. Ke1 Qd4 32. Kf1 h4 33. Kg2 Qd5
34. Kh3 Qf5+ 35. Kg2 h3+ 36. Kf2 Qb1 37. g4 d5 38. Re5 Qd1 39. Kg3 d4 40. Kxh3
d3 41. Rf2 Qg1 42. Rg2 Qd4 43. f4 gxf4 0-1

[Event "Maribor"]
[Site "Maribor"]
[Date "1980.10.??"]
[Round "1"]
[White "Plachetka, Jan"]
[Black "Velimirovic, Dragoljub"]
[Result "1/2-1/2"]
[WhiteElo "2480"]
[BlackElo "2515"]
[PlyCount "112"]
[EventDate "1980.10.23"]
[EventType "tourn"]
[EventRounds "13"]
[EventCountry "YUG"]
[EventCategory "8"]
[Source "ChessBase"]
[SourceDate "2000.11.22"]
[WhiteTeamCountry "URS"]
[BlackTeamCountry "YUG"]

1. d4 Nf6 2. c4 c5 3. d5 e6 4. Nc3 exd5 5. cxd5 d6 6. e4 g6 7. Nf3 Bg7 8. Be2
O-O 9. O-O Re8 10. Nd2 Nbd7 11. h3 a6 12. a4 Rb8 13. a5 Qc7 14. Qc2 b5 15. axb6
Nxb6 16. Re1 Nfd7 17. b3 c4 18. bxc4 Ne5 19. Rb1 Bd7 20. Ba3 Nexc4 21. Nxc4
Nxc4 22. Na4 Bxa4 23. Qxc4 Qxc4 24. Bxc4 Rxb1 25. Rxb1 Rxe4 26. Bxd6 Bb5 27.
Bxb5 axb5 28. Rxb5 Re1+ 29. Kh2 Be5+ 30. Bxe5 Rxe5 31. Kg3 Kg7 32. Kf4 Re2 33.
g4 h6 34. d6 Kf6 35. Rd5 Re8 36. d7 g5+ 37. Kf3 Rd8 38. Ke4 Ke6 39. f4 gxf4 40.
Rh5 Rxd7 41. Rxh6+ Ke7 42. Kxf4 Rd3 43. Kg5 Ra3 44. Rh8 Rf3 45. h4 f5 46. gxf5
Rg3+ 47. Kf4 Rg1 48. h5 Rf1+ 49. Kg4 Rg1+ 50. Kh3 Kf6 51. h6 Rh1+ 52. Kg4 Rg1+
53. Kf3 Rh1 54. h7 Kg7 55. Rg8+ Kxh7 56. Rg4 Ra1 1/2-1/2

[Event "Maribor"]
[Site "Maribor"]
[Date "1980.10.??"]
[Round "2"]
[White "Velimirovic, Dragoljub"]
[Black "Polajzer, Danilo"]
[Result "1/2-1/2"]
[WhiteElo "2515"]
[BlackElo "2215"]
[PlyCount "128"]
[EventDate "1980.10.23"]
[EventType "tourn"]
[EventRounds "13"]
[EventCountry "YUG"]
[EventCategory "8"]
[Source "ChessBase"]
[SourceDate "2000.11.22"]
[WhiteTeamCountry "URS"]
[BlackTeamCountry "YUG"]

1. e4 c5 2. Nf3 d6 3. d4 cxd4 4. Nxd4 Nf6 5. Nc3 a6 6. Bg5 e6 7. f4 Qb6 8. Qd2
Qxb2 9. Rb1 Qa3 10. f5 Nc6 11. fxe6 fxe6 12. Nxc6 bxc6 13. e5 dxe5 14. Bxf6
gxf6 15. Ne4 Qxa2 16. Rd1 Be7 17. Bd3 O-O 18. O-O f5 19. Qh6 Rf7 20. Rf3 Kh8
21. Rh3 Bd7 22. Kh1 Rg8 23. Nc3 Qa5 24. Bxf5 exf5 25. Rxd7 Qc5 26. Qd2 Qc4 27.
Ne2 Bg5 28. Rxf7 Qxf7 29. Qa5 Qd5 30. Qa1 Be3 31. Qf1 f4 32. Nc3 Qd2 33. Ne4
Qc1 34. Qxc1 Bxc1 35. Rc3 Rd8 36. h4 Rd4 37. Ng5 e4 38. Rxc6 Rd1+ 39. Kh2 e3
40. Re6 Kg7 41. c4 Rd2 42. h5 Rd7 43. Rxa6 e2 44. h6+ Kf8 45. Rf6+ Kg8 46. Re6
Kf8 47. Rxe2 Be3 48. Kh3 Rd6 49. g3 Rxh6+ 50. Kg4 Rc6 51. gxf4 Bxf4 52. Ne6+
Kg8 53. Re4 Bc1 54. Kf5 Rc8 55. Rg4+ Kf7 56. Ke5 Bb2+ 57. Kd5 Bf6 58. c5 h5 59.
Rf4 Re8 60. Re4 h4 61. c6 h3 62. Re2 Bd8 63. Nxd8+ Rxd8+ 64. Kc5 Kg6 1/2-1/2

[Event "Maribor"]
[Site "Maribor"]
[Date "1980.10.??"]
[Round "3"]
[White "Supancic, Darko"]
[Black "Velimirovic, Dragoljub"]
[Result "1/2-1/2"]
[WhiteElo "2335"]
[BlackElo "2515"]
[PlyCount "99"]
[EventDate "1980.10.23"]
[EventType "tourn"]
[EventRounds "13"]
[EventCountry "YUG"]
[EventCategory "8"]
[Source "ChessBase"]
[SourceDate "2000.11.22"]
[WhiteTeamCountry "URS"]
[BlackTeamCountry "YUG"]

1. Nf3 c5 2. c4 g6 3. d4 cxd4 4. Nxd4 Bg7 5. e4 Nc6 6. Be3 Nf6 7. Nc3 Ng4 8.
Qxg4 Nxd4 9. Qd1 Ne6 10. Rc1 Qa5 11. Qd2 b6 12. Qd5 Rb8 13. Qxa5 bxa5 14. b3
Bd4 15. Bxd4 Nxd4 16. Nb5 Nc6 17. Nc3 Bb7 18. Bd3 Nb4 19. Kd2 Bc6 20. Nd5 e6
21. Nxb4 axb4 22. a3 a5 23. a4 Ke7 24. Ke3 f5 25. f3 Rbc8 26. Rhd1 Rhf8 27. Rd2
f4+ 28. Kf2 d6 29. Bf1 Bb7 30. Rcd1 Rfd8 31. Rd4 g5 32. Be2 Rd7 33. g3 Bc6 34.
Bf1 Rf8 35. g4 h5 36. Bh3 h4 37. Bf1 Rfd8 38. Bd3 Rc8 39. Bb1 Bb7 40. h3 Rc5
41. R1d2 Bc6 42. Rd1 Rd8 43. R1d2 Re5 44. Rd1 Be8 45. Bc2 Rd7 46. Bb1 Bg6 47.
Bd3 Bf7 48. Bb1 Rd8 49. Bc2 Be8 50. Bb1 1/2-1/2

[Event "Maribor"]
[Site "Maribor"]
[Date "1980.10.??"]
[Round "4"]
[White "Velimirovic, Dragoljub"]
[Black "Ree, Hans"]
[Result "1-0"]
[WhiteElo "2515"]
[BlackElo "2520"]
[PlyCount "87"]
[EventDate "1980.10.23"]
[EventType "tourn"]
[EventRounds "13"]
[EventCountry "YUG"]
[EventCategory "8"]
[Source "ChessBase"]
[SourceDate "2000.11.22"]
[WhiteTeamCountry "URS"]
[BlackTeamCountry "YUG"]

1. e4 e6 2. d4 d5 3. Nd2 c5 4. Ngf3 Nc6 5. exd5 exd5 6. Bb5 Bd6 7. O-O cxd4 8.
Nb3 Nge7 9. Nbxd4 O-O 10. c3 Bg4 11. Be2 a6 12. Be3 Qc7 13. h3 Bh5 14. Nh4 Bxe2
15. Qxe2 Rfe8 16. Rfe1 Qd7 17. Qh5 g6 18. Qh6 Be5 19. Nxc6 Qxc6 20. Rad1 Rad8
21. Bd4 Bxd4 22. Rxd4 Qf6 23. Re3 Nf5 24. Nxf5 Qxf5 25. Rh4 g5 26. Rh5 f6 27.
Rf3 Re1+ 28. Kh2 Qe5+ 29. g3 Rd7 30. Qxf6 Qxf6 31. Rxf6 Re5 32. h4 Rg7 33. Rxg5
Rgxg5 34. hxg5 Re2 35. Rb6 Rxf2+ 36. Kh3 Rf7 37. Kg4 Kf8 38. Rf6 Ke7 39. Rxf7+
Kxf7 40. Kf5 Kg7 41. a4 a5 42. g4 Kf7 43. g6+ hxg6+ 44. Ke5 1-0

[Event "Maribor"]
[Site "Maribor"]
[Date "1980.10.??"]
[Round "5"]
[White "Osterman, Rudolf"]
[Black "Velimirovic, Dragoljub"]
[Result "0-1"]
[WhiteElo "2435"]
[BlackElo "2515"]
[PlyCount "108"]
[EventDate "1980.10.23"]
[EventType "tourn"]
[EventRounds "13"]
[EventCountry "YUG"]
[EventCategory "8"]
[Source "ChessBase"]
[SourceDate "2000.11.22"]
[WhiteTeamCountry "URS"]
[BlackTeamCountry "YUG"]

1. Nf3 Nf6 2. c4 e6 3. Nc3 Bb4 4. Qc2 c5 5. e3 O-O 6. Be2 Nc6 7. O-O d5 8. cxd5
exd5 9. d4 Qe7 10. dxc5 Bxc5 11. a3 a5 12. Rd1 Rd8 13. b3 Bg4 14. Nb5 Rac8 15.
h3 Bh5 16. Qb2 Ne4 17. Nfd4 Nxd4 18. exd4 Bxe2 19. Qxe2 Bd6 20. Nxd6 Qxd6 21.
Bd2 b6 22. Qd3 h6 23. Be1 Rc6 24. g3 Rdc8 25. Ra2 Qd7 26. Kg2 Ng5 27. h4 Ne4
28. Qf3 g5 29. h5 f5 30. Bd2 Qf7 31. Rh1 Rc2 32. Rxc2 Rxc2 33. Be1 Qe6 34. Qd3
Qc6 35. Rf1 Ra2 36. a4 Rb2 37. Kg1 Qe8 38. Qf3 Qf7 39. Kg2 Kg7 40. Qd3 Qxh5 41.
Qb5 Nf6 42. Qxb6 f4 43. Qc7+ Kg6 44. gxf4 Qg4+ 45. Kh2 Qe2 46. f5+ Kxf5 47.
Qe5+ Qxe5+ 48. dxe5 Ng4+ 49. Kg1 Rxb3 50. Bxa5 Ra3 51. Rd1 Ke6 52. Bc7 Rxa4 53.
f3 Rc4 54. Bb8 Rc8 0-1

[Event "Maribor"]
[Site "Maribor"]
[Date "1980.10.??"]
[Round "6"]
[White "Kovacevic, Vlatko"]
[Black "Velimirovic, Dragoljub"]
[Result "1-0"]
[WhiteElo "2510"]
[BlackElo "2515"]
[PlyCount "117"]
[EventDate "1980.10.23"]
[EventType "tourn"]
[EventRounds "13"]
[EventCountry "YUG"]
[EventCategory "8"]
[Source "ChessBase"]
[SourceDate "2000.11.22"]
[WhiteTeamCountry "URS"]
[BlackTeamCountry "YUG"]

1. d4 Nf6 2. Nf3 c5 3. e3 g6 4. Nbd2 b6 5. c3 Bg7 6. a4 O-O 7. Be2 cxd4 8. exd4
Bb7 9. O-O d6 10. Re1 a6 11. Bc4 Nbd7 12. Qb3 e6 13. Bd3 Qc7 14. Ne4 Bd5 15.
Qc2 Nxe4 16. Bxe4 Nf6 17. Bxd5 Nxd5 18. Qd3 Rfc8 19. Ng5 h6 20. Ne4 f5 21. Ng3
Qf7 22. h4 Kh7 23. Bd2 Rd8 24. Re2 e5 25. h5 e4 26. hxg6+ Qxg6 27. Qc4 Ne7 28.
Qc7 Bf6 29. Bf4 Bh4 30. Rae1 Kh8 31. c4 b5 32. b3 bxc4 33. bxc4 Bg5 34. Bxg5
Qxg5 35. Rb2 Rac8 36. Qa7 Ra8 37. Qb6 h5 38. c5 h4 39. cxd6 Ng6 40. Ne2 h3 41.
Ng3 hxg2 42. Qc5 Nh4 43. Rc1 Rd7 44. Rcb1 Rad8 45. Rb3 Qf6 46. Nh5 Qxd6 47.
Qxd6 Rxd6 48. Rh3 Nf3+ 49. Kxg2 Rh6 50. Rb7 Rg8+ 51. Ng3 Ne1+ 52. Kh2 Nf3+ 53.
Kg2 Rxh3 54. Kxh3 Ng5+ 55. Kh4 f4 56. Nf5 Nf3+ 57. Kh5 Re8 58. Ne7 Nxd4 59. Kh6
1-0